000 00269nam a2200097Ia 4500
001 1046269
005 20250826232214.0
008 250824s9999 xx 000 0 und d
245 0 _aTEVARİHİ GAZAVATI SULTAN MURADI SALİS
_cERHAN AFYONCU
260 _bYEDİTEPE YAYINLARI
999 _c1046269
_d1046269